Моделирование процесса стабилизации газового конденсата на Мальджинском ГКМ; Химия и химическая технология в XXI веке

Detaylı Bibliyografya
Parent link:Химия и химическая технология в XXI веке.— 2008.— С. 233
Yazar: Тодоров А. В.
Diğer Yazarlar: Ушева Н. В. (научный руководитель)
Dil:Rusça
Baskı/Yayın Bilgisi: 2008
Konular:
Materyal Türü: MixedMaterials Kitap Bölümü
KOHA link:https://koha.lib.tpu.ru/cgi-bin/koha/opac-detail.pl?biblionumber=168160

MARC

LEADER 00000naa2a2200000 4500
001 168160
005 20231031163027.0
035 |a (RuTPU)RU\TPU\book\182443 
090 |a 168160 
100 |a 20091026d2008 k y0rusy50 ca 
101 0 |a rus 
102 |a RU 
200 1 |a Моделирование процесса стабилизации газового конденсата на Мальджинском ГКМ  |f А. В. Тодоров  |g науч. рук. Н. В. Ушева 
463 0 |0 (RuTPU)RU\TPU\book\176288  |t Химия и химическая технология в XXI веке  |o IX Всероссийская научно-практическая конференция студентов и аспирантов, Томск, 14-16 мая 2008 г.  |o сборник материалов  |f Томский политехнический университет (ТПУ) ; Химия и химическая технология в XXI веке  |v С. 233  |d 2008  |p 338 с. 
610 1 |a газовый конденсат 
610 1 |a Мыльджинское месторождение 
610 1 |a установки комплексной подготовки газа 
610 1 |a компьютерные моделирующие системы 
610 1 |a HYSYS 
610 1 |a стабилизация 
610 1 |a труды учёных ТПУ 
700 1 |a Тодоров  |b А. В. 
702 1 |a Ушева  |b Н. В.  |4 727 
801 1 |a RU  |b 63413507  |c 20091026 
942 |c BK